000 00359nam a22001457a 4500
020 _a9781259003103
050 _aQP514
_b.H372011
245 _aHarpers's illustrated biochemistry
250 _a28th ed.
260 _aNewDelhi:
_bTata McGraw hill Education ,
_c2011.
300 _ax,693p.
500 _aIncludes index.
650 _xbiochemistry
942 _cGEN
999 _c1500
_d1500